| 000 | 00576nam a2200181 i 4500 | ||
|---|---|---|---|
| 001 | 50111 | ||
| 003 | ES-MaACL | ||
| 005 | 20250803063048.0 | ||
| 007 | t| | ||
| 008 | 030730s1913 it ||||1| ita d | ||
| 100 | 1 |
_aCroce, Benedetto, _d1866-1952 _9241508 |
|
| 245 | 1 | 0 |
_aSaggio sullo Hegel, seguito da altri seritti di storia della filosofia / _cBenedette Croce. |
| 260 |
_aBari : _bGins. Laterza & Figli, _c1913. |
||
| 300 |
_aVIII, 454 p. ; _c22 cm. |
||
| 600 | 0 | 4 |
_aHegel, Georg Wilhelm Friedrich. _962316 |
| 852 |
_aES-MaACL _jF-7366 |
||
| 999 |
_c50111 _d50111 |
||